| Tag |
First Indicator |
Second Indicator |
Subfields |
| LEADER |
00000cam a2200000Ma 4500 |
| 001 |
in00002003441 |
| 005 |
20151031130317.0 |
| 008 |
031114s2003 nz ab b 000 0 eng d |
| 020 |
|
|
|c $12.80 (pbk.)
|
| 035 |
|
|
|a (OCoLC)ocm55632454
|
| 040 |
|
|
|a UBY
|c UBY
|d TXA
|d UtOrBLW
|
| 043 |
|
|
|a cl-----
|
| 049 |
|
|
|a TXAM
|
| 082 |
0 |
4 |
|a 597.48
|2 21
|
| 090 |
|
|
|a QL351
|b .Z75 no.348
|
| 100 |
1 |
|
|a Crampton, William G. R.
|
| 245 |
1 |
0 |
|a Redescription of Gymnotus coropinae (Gymnotiformes, Gymnotidae), an often misidentified species of Neotropical electric fish, with notes on natural history and electric signals /
|c William G.R. Crampton & James S. Albert.
|
| 246 |
1 |
7 |
|a Gymnotus coropinae
|
| 264 |
|
1 |
|a Auckland, N.Z. :
|b Magnolia Press,
|c 2003.
|
| 300 |
|
|
|a 20 pages :
|b illustrations, maps ;
|c 30 cm.
|
| 336 |
|
|
|a text
|b txt
|2 rdacontent
|
| 337 |
|
|
|a unmediated
|b n
|2 rdamedia
|
| 338 |
|
|
|a volume
|b nc
|2 rdacarrier
|
| 490 |
1 |
|
|a Zootaxa,
|x 1175-5326 ;
|v 348
|
| 500 |
|
|
|a Cover title.
|
| 504 |
|
|
|a Includes bibliographical references (pages 18-20).
|
| 650 |
|
0 |
|a Gymnotidae
|z Latin America
|v Classification.
|
| 650 |
|
0 |
|a Gymnotidae
|z Latin America
|v Identification.
|
| 700 |
1 |
|
|a Albert, James S.
|
| 830 |
|
0 |
|a Zootaxa ;
|v 348.
|
| 856 |
4 |
1 |
|u http://www.mapress.com/zootaxa/2003/zt00348.pdf
|t 0
|
| 994 |
|
|
|a C0
|b TXA
|
| 948 |
|
|
|a cataloged
|b h
|c 2004/11/2
|d c
|e blrosas
|f 12:29:37 pm
|
| 999 |
|
|
|a MARS
|
| 999 |
f |
f |
|s 6b91c694-316c-3276-8818-b7aa4575331c
|i e2c614d6-df1b-326f-8c55-e74f4a318717
|t 0
|
| 952 |
f |
f |
|p ric
|a Texas A&M University
|b Rellis Campus
|c Joint Library Facility
|d Remote Storage
|t 0
|e QL351 .Z75 no.348
|h Library of Congress classification
|i unmediated -- volume
|m A14831383616
|
| 998 |
f |
f |
|a QL351 .Z75 no.348
|t 0
|l Remote Storage
|